UBT Library

Accounting information systems : (Record no. 791)

000 -LEADER
fixed length control field 00616nam a22002177a 4500
005 - DATE AND TIME OF LATEST TRANSACTION
control field 20160105090445.0
008 - FIXED-LENGTH DATA ELEMENTS--GENERAL INFORMATION
fixed length control field 090821s2010 nyua b 001 0 eng
020 ## - INTERNATIONAL STANDARD BOOK NUMBER
International Standard Book Number 9780078111051
020 ## - INTERNATIONAL STANDARD BOOK NUMBER
International Standard Book Number 0078111056
041 0# - LANGUAGE CODE
Language code of text/sound track or separate title eng
080 ## - UNIVERSAL DECIMAL CLASSIFICATION NUMBER
Universal Decimal Classification number 657
100 1# - Rafti
Rafti Hurt, Robert L.
245 10 - TITLE STATEMENT
Title Accounting information systems :
Statement of responsibility, etc Robert L. Hurt.
250 ## -
-- 2nd ed.
260 ## -
-- New York :
-- McGraw-Hill/Irwin,
-- 2010.
300 ## -
-- 379 f. :
-- me il.;
-- 27 cm.
505 ## -
-- Index: f. 369 - 379
650 #0 -
-- Kontabiliteti
650 #0 -
-- Sistemet e informacionit
942 ## - ADDED ENTRY ELEMENTS (KOHA)
Source of classification or shelving scheme
Item type Books
Holdings
Withdrawn status Lost status Source of classification or shelving scheme Damaged status Not for loan Collection code Permanent location Current location Shelving location Date acquired Total Checkouts Full call number Barcode Date last seen Koha item type Price effective from
          Koleksioni i përgjithshem UBT - Lipjan UBT - Lipjan Koleksioni i përgjithshem 05/15/2015   657 HUR 002-012964 05/15/2015 Books  
          Koleksioni i përgjithshem UBT - Lipjan UBT - Lipjan Koleksioni i përgjithshem 01/05/2016   657 HUR 002-012945 01/05/2016 Books 01/05/2016
          Koleksioni i përgjithshem UBT - Lipjan UBT - Lipjan Koleksioni i përgjithshem 01/05/2016   657 HUR 002-012946 01/05/2016 Books 01/05/2016
          Koleksioni i përgjithshem UBT - Lipjan UBT - Lipjan Koleksioni i përgjithshem 01/05/2016   657 HUR 002-012947 01/05/2016 Books 01/05/2016
          Koleksioni i përgjithshem UBT - Lipjan UBT - Lipjan Koleksioni i përgjithshem 01/05/2016   657 HUR 002-012948 01/05/2016 Books 01/05/2016
          Koleksioni i përgjithshem UBT - Lipjan UBT - Lipjan Koleksioni i përgjithshem 01/05/2016   657 HUR 002-012949 01/05/2016 Books 01/05/2016
          Koleksioni i përgjithshem UBT - Lipjan UBT - Lipjan Koleksioni i përgjithshem 01/05/2016   657 HUR 002-012950 01/05/2016 Books 01/05/2016
          Koleksioni i përgjithshem UBT - Lipjan UBT - Lipjan Koleksioni i përgjithshem 01/05/2016   657 HUR 002-012951 01/05/2016 Books 01/05/2016
          Koleksioni i përgjithshem UBT - Lipjan UBT - Lipjan Koleksioni i përgjithshem 01/05/2016   657 HUR 002-012952 01/05/2016 Books 01/05/2016
          Koleksioni i përgjithshem UBT - Lipjan UBT - Lipjan Koleksioni i përgjithshem 01/05/2016   657 HUR 002-012953 01/05/2016 Books 01/05/2016
          Koleksioni i përgjithshem UBT - Lipjan UBT - Lipjan Koleksioni i përgjithshem 01/05/2016   657 HUR 002-012954 01/05/2016 Books 01/05/2016
          Koleksioni i përgjithshem UBT - Lipjan UBT - Lipjan Koleksioni i përgjithshem 01/05/2016   657 HUR 002-012955 01/05/2016 Books 01/05/2016
          Koleksioni i përgjithshem UBT - Lipjan UBT - Lipjan Koleksioni i përgjithshem 01/05/2016   657 HUR 002-012956 01/05/2016 Books 01/05/2016
          Koleksioni i përgjithshem UBT - Lipjan UBT - Lipjan Koleksioni i përgjithshem 01/05/2016   657 HUR 002-012957 01/05/2016 Books 01/05/2016
          Koleksioni i përgjithshem UBT - Lipjan UBT - Lipjan Koleksioni i përgjithshem 01/05/2016   657 HUR 002-012958 01/05/2016 Books 01/05/2016
          Koleksioni i përgjithshem UBT - Lipjan UBT - Lipjan Koleksioni i përgjithshem 01/05/2016   657 HUR 002-012959 01/05/2016 Books 01/05/2016
UBT Library © 2015-2024. All rights reserved University Education for Business and Technology